| 000 | 00448nam a22001217a 4500 | ||
|---|---|---|---|
| 082 | _a220 PRO | ||
| 100 |
_aUSMAN AZIZ MUHAMMAD JUNAID ELLAHI MIRZA ABDULLAH SAAD ADEEL _970598 |
||
| 245 | _aPR-SOF-1816-TEMPERATURE DISTRIBUTION ON THE SURFACE OF CONDI NOZZLE WITH HEAT CONDUCTING WALL | ||
| 260 |
_aISLAMABAD _bNUST COLLEGE OF EME _c2019 |
||
| 650 |
_aDE-MECH-37 _970562 |
||
| 700 |
_aSUPERVISORS Dr. TARIQ TALHA. MUHAMMAD AFZAL _970599 |
||
| 942 | _cCR | ||
| 999 |
_c577559 _d577559 |
||